000 00266nam a22001217a 4500
008 181106b xxu||||| |||| 00| 0 eng d
041 _aeng
080 _a510
100 _a37
101 _aMAT
245 _aPre Calculus Mathematics
_cBrumfiel.SH
942 _2udc
_cBK
999 _c51990
_d51990